Nem csépeltetnek a szegedi gazdák szigorú utasítások érkeznek a termésátvevő bizottságokhoz
Elmentve itt :
| Dokumentumtípus: | Cikk |
|---|---|
| Megjelent: |
1918-07-20
|
| Sorozat: | Délmagyarország
7 No. 164 |
| Kulcsszavak: | Bokor Pál, Balogh Károly, Fodor Jenő, Gabonatermés Szeged 1918 |
| Online Access: | http://dmarchiv.bibl.u-szeged.hu/44127 |
| LEADER | 00528nab a2200145 i 4500 | ||
|---|---|---|---|
| 001 | delm44127 | ||
| 005 | 20180927131940.0 | ||
| 008 | 180927s1918 hu o 0|| hun d | ||
| 040 | |a SZTE Délmagyarország Archívum |b hun | ||
| 041 | |a hun | ||
| 245 | 0 | 4 | |a Nem csépeltetnek a szegedi gazdák |h [elektronikus dokumentum] : |b szigorú utasítások érkeznek a termésátvevő bizottságokhoz |
| 260 | |c 1918-07-20 | ||
| 300 | |a 3-4 | ||
| 490 | 0 | |a Délmagyarország |v 7 No. 164 | |
| 695 | |a Bokor Pál, Balogh Károly, Fodor Jenő, Gabonatermés Szeged 1918 | ||